| 000 | 00397nam a22001697a 4500 | ||
|---|---|---|---|
| 999 |
_c190291 _d190291 |
||
| 005 | 20220721151441.0 | ||
| 010 | _aENG-133804 | ||
| 020 | _c65.00 | ||
| 035 | _aEN-117336 | ||
| 037 | _bDBAD/PUB | ||
| 082 | _a881 | ||
| 100 | _aDas,Durga | ||
| 245 |
_aEmerald-Bower/ _cby Durga Das |
||
| 260 |
_bBharat Band _c2010 |
||
| 300 |
_a52p. _c22cm(hb) |
||
| 942 |
_2ddc _cEN _h881 _mDAS |
||